000 00412nam a2200169Ia 4500
008 230711s9999||||xx |||||||||||||| ||und||
020 _a978-81-203-4011-4
041 _aENG
082 _a4
_bRA-C
100 _aRajaraman.V
245 0 _aFundamentals of computers
250 _a5th
260 _c2010
_aNew Delhi
_bPHI Learning Private Limited
300 _a438
650 _aComputer Engineering
942 _cBK
999 _c2520
_d2520